000 00667nam a2200253Ia 4500
005 20260306153634.0
008 008 260114s9999 xx 000 0 eng d
020 _a9781783087709
037 _aEBOOK
040 _aCRL
040 _beng
040 _cCRL
041 _2eng
041 _aeng
084 _qCRL
100 _aLidberg/Muller
_91125918
245 0 _aIn the Name of Security - Secrecy, Surveillance and Journalism 1st ed
260 _bAnthem Press
260 _c2018
650 _aPolitical Science
856 _uhttps://www.cambridge.org/core/product/identifier/9781783087709/type/BOOK
942 _cEBOOK
999 _c1704271
_d1704271